[Event "64. BEM 2010"]
[Site "Dortmund"]
[Date "2010.03.04"]
[Round "6.19"]
[White "Vogt, Christian"]
[Black "Raabe, Hans-Ulrich"]
[Result "0-1"]
[WhiteElo "1357"]
[BlackElo "1338"]
[PlyCount "70"]
[EventDate "2010.??.??"]
[Source "SG Dortmund"]
[SourceDate "2004.12.16"]

1. d4 Nf6 2. c4 g6 3. Nc3 Bg7 4. e4 d6 5. Nf3 O-O 6. h3 e5 7. Be2 Nc6 8. d5 Ne7
9. Be3 Nd7 10. Qd2 f5 11. Bh6 Nf6 12. Bxg7 Kxg7 13. Ng5 Nxe4 14. Ngxe4 fxe4 15.
Nxe4 Nf5 16. O-O Nd4 17. Bd3 Bxh3 18. Ng5 Bf5 19. Be4 Bxe4 20. Nxe4 Rf4 21. f3
b6 22. Rac1 Qe7 23. Rc3 Raf8 24. Rd3 h6 25. b4 Qf7 26. Rxd4 exd4 27. Qxd4+ Kh7
28. Qd3 Rf5 29. Ng3 Rf4 30. Re1 Re8 31. Rxe8 Qxe8 32. Ne4 Qe5 33. a3 Rh4 34. g3
Qa1+ 35. Qf1 Rh1+ 0-1

[Event "64. BEM 2010"]
[Site "Dortmund"]
[Date "2010.03.04"]
[Round "6.20"]
[White "Hast, Stefan"]
[Black "Vojdani, Bahram"]
[Result "0-1"]
[WhiteElo "1231"]
[BlackElo "1735"]
[PlyCount "74"]
[EventDate "2010.??.??"]
[Source "SG Dortmund"]
[SourceDate "2004.12.16"]

1. e4 d5 2. exd5 Qxd5 3. Nc3 Qa5 4. Nf3 Nf6 5. d4 c6 6. Bd2 Qb6 7. Na4 Qd8 8.
Nc3 Bg4 9. Bf4 e6 10. Be2 Bd6 11. Ne5 Bxe2 12. Nxe2 Na6 13. O-O O-O 14. Nc4
Bxf4 15. Nxf4 Nc7 16. Qd3 Nb5 17. c3 Qc7 18. Ne5 Rad8 19. Qc2 c5 20. a4 cxd4
21. axb5 Qxe5 22. Nd3 Qxb5 23. Rxa7 dxc3 24. Rd1 cxb2 25. Qb1 Ne4 26. Ra3 Rd7
27. f3 Nc5 28. Qxb2 Qxb2 29. Nxb2 Rxd1+ 30. Nxd1 Rb8 31. Nc3 Kf8 32. Ra5 b6 33.
Ra7 Rb7 34. Ra8+ Ke7 35. Rh8 h6 36. Rh7 Kf6 37. Kf2 Rb8 0-1

[Event "64. BEM 2010"]
[Site "Dortmund"]
[Date "2010.03.04"]
[Round "6.21"]
[White "Campana, Rafael"]
[Black "Strotmann, Dieter"]
[Result "1-0"]
[WhiteElo "1708"]
[BlackElo "1274"]
[PlyCount "56"]
[EventDate "2010.??.??"]
[Source "SG Dortmund"]
[SourceDate "2004.12.16"]

1. f4 d5 2. Nf3 Bg4 3. e3 Nf6 4. d4 Nbd7 5. Be2 e6 6. O-O c5 7. c3 Be7 8. Qe1
Ne4 9. Nbd2 f5 10. Bb5 O-O 11. Bxd7 Qxd7 12. Ne5 Qd8 13. Nxe4 dxe4 14. Nxg4
fxg4 15. Qd1 h5 16. Bd2 cxd4 17. cxd4 Qd5 18. Rc1 Rac8 19. Qa4 a6 20. a3 h4 21.
Rc3 Rxc3 22. Bxc3 Rc8 23. Rc1 g3 24. Qd1 b5 25. Qe1 Qc4 26. hxg3 hxg3 27. Bd2
Qd3 28. Rxc8+ Kh7 1-0

[Event "64. BEM 2010"]
[Site "Dortmund"]
[Date "2010.03.04"]
[Round "6.22"]
[White "Zabel, Reinhard"]
[Black "Schoppe, Hans-Werner"]
[Result "1/2-1/2"]
[WhiteElo "1492"]
[BlackElo "1224"]
[PlyCount "87"]
[EventDate "2010.??.??"]
[Source "SG Dortmund"]
[SourceDate "2004.12.16"]

1. e4 c5 2. c3 Nc6 3. d4 cxd4 4. cxd4 e6 5. Nf3 h6 6. Nc3 a6 7. Be2 b5 8. a3 d5
9. exd5 exd5 10. O-O Be7 11. Re1 Nf6 12. Ne5 Qb6 13. Nxc6 Qxc6 14. Bf3 h5 15.
Qe2 Qd6 16. Bg5 Bg4 17. Bxf6 gxf6 18. Qd3 Be6 19. Re3 f5 20. Rae1 Ra7 21. Re5
b4 22. Nxd5 Bxd5 23. Rxd5 Qb6 24. Qxf5 Rc7 25. Rc5 bxa3 26. bxa3 Kf8 27. Rxc7
Qxc7 28. Qd3 Qa5 29. Qe3 Qxa3 30. Qxa3 Bxa3 31. Ra1 Bb2 32. Rxa6 Bxd4 33. Ra8+
Kg7 34. Rxh8 Kxh8 35. Bxh5 Kg7 36. g3 f6 37. Kg2 Kh6 38. g4 Be5 39. h4 f5 40.
f3 Bd6 41. Be8 fxg4 42. fxg4 Be7 43. Kh3 Bd8 44. g5+ 1/2-1/2

[Event "64. BEM 2010"]
[Site "Dortmund"]
[Date "2010.03.04"]
[Round "6.23"]
[White "Weih, Kurt"]
[Black "Fahle, Karl-Wilhelm"]
[Result "0-1"]
[WhiteElo "1356"]
[BlackElo "1160"]
[PlyCount "42"]
[EventDate "2010.??.??"]
[Source "SG Dortmund"]
[SourceDate "2004.12.16"]

1. d4 Nf6 2. c4 e6 3. Bg5 c5 4. e4 h6 5. Bxf6 Qxf6 6. e5 Qd8 7. d5 d6 8. Nf3
Be7 9. Be2 Nd7 10. dxe6 Nxe5 11. exf7+ Nxf7 12. Qd5 Ng5 13. Nh4 Qb6 14. Bh5+
Kd8 15. O-O Qxb2 16. Nd2 Qf6 17. Rae1 Nh3+ 18. Kh1 Qxh4 19. gxh3 Qg5 20. Re5
Qxe5 21. Qf3 Rf8 0-1

[Event "64. BEM 2010"]
[Site "Dortmund"]
[Date "2010.03.04"]
[Round "6.24"]
[White "Gennat, Egon L"]
[Black "Müller, Michaela"]
[Result "1-0"]
[WhiteElo "1353"]
[BlackElo "1042"]
[PlyCount "65"]
[EventDate "2010.??.??"]
[Source "SG Dortmund"]
[SourceDate "2004.12.16"]

1. d4 d5 2. Nf3 e6 3. c4 Nf6 4. Bg5 Nbd7 5. Nc3 Be7 6. e3 c5 7. cxd5 Nxd5 8.
Bxe7 Qxe7 9. Nxd5 exd5 10. dxc5 Qxc5 11. Rc1 Qd6 12. Be2 Nf6 13. O-O O-O 14.
Qc2 Bf5 15. Qxf5 Rfe8 16. Qd3 Rad8 17. Nd4 g6 18. Rc3 Re4 19. Rfc1 Rd7 20. Qc2
a6 21. Rc7 Rxc7 22. Qxc7 Qxc7 23. Rxc7 b5 24. Rc6 Kg7 25. Rxa6 Re7 26. Bxb5 Rc7
27. Rc6 Ra7 28. a4 Ne4 29. b4 Nd2 30. f3 Nc4 31. Kf2 Na3 32. Ba6 f5 33. Nb5 1-0

[Event "64. BEM 2010"]
[Site "Dortmund"]
[Date "2010.03.04"]
[Round "6.25"]
[White "Schaefer, Ulrich"]
[Black "Skoecz, Horst"]
[Result "0-1"]
[WhiteElo "1231"]
[BlackElo "1349"]
[PlyCount "106"]
[EventDate "2010.??.??"]
[Source "SG Dortmund"]
[SourceDate "2004.12.16"]

1. d4 Nf6 2. c4 d5 3. Nc3 c6 4. Bg5 e6 5. e4 Be7 6. e5 Nfd7 7. Be3 Bb4 8. Qg4
g6 9. Nf3 h5 10. Qf4 f5 11. Qg3 Nf8 12. Be2 Qa5 13. O-O Bxc3 14. bxc3 Qxc3 15.
Nh4 Qb4 16. Nxg6 Rg8 17. Bxh5 Kd8 18. Qg5+ Kc7 19. Qf6 Nxg6 20. Bxg6 Qf8 21.
Qg5 Qg7 22. g3 Qxg6 23. Qe7+ Bd7 24. Bd2 Qe8 25. Qd6+ Kc8 26. Rfb1 b6 27. a4
Qf8 28. Bb4 Qxd6 29. Bxd6 dxc4 30. Rb4 f4 31. Rxc4 fxg3 32. hxg3 Na6 33. Rac1
Kb7 34. Rb1 Rg4 35. Kg2 Rag8 36. Rh1 R4g7 37. Rb1 Be8 38. Rbc1 Bg6 39. Re1 Bf5
40. Re3 Rh7 41. Rec3 Rgh8 42. Kf3 Rf7 43. Ke3 Rh2 44. Rxc6 Bg4 45. f4 Re2+ 46.
Kd3 Ra2 47. Ba3 Rxa3 48. R6c4 Bf5+ 49. Kd2 Ra2+ 50. Ke3 Rg7 51. Kf3 Nc7 52. Rb3
Nd5 53. Rb1 Bxb1 0-1

[Event "64. BEM 2010"]
[Site "Dortmund"]
[Date "2010.03.04"]
[Round "6.26"]
[White "Marienfeld, Udo"]
[Black "Tekin, Baran"]
[Result "1-0"]
[WhiteElo "1334"]
[BlackElo "948"]
[PlyCount "57"]
[EventDate "2010.??.??"]
[Source "SG Dortmund"]
[SourceDate "2004.12.16"]

1. e4 e6 2. d4 d5 3. e5 c5 4. Nf3 Nc6 5. c3 cxd4 6. Nxd4 Bc5 7. Bb5 Bd7 8. Nxc6
Bxc6 9. Qa4 Ne7 10. Bg5 Qb6 11. Bxc6+ Nxc6 12. O-O O-O 13. b4 Be7 14. Bxe7 Nxe7
15. Nd2 Rac8 16. Rac1 Ng6 17. Nf3 Nf4 18. Qc2 Rxc3 19. Qd2 Rxc1 20. Rxc1 Ng6
21. h4 Ne7 22. h5 h6 23. g4 g5 24. hxg6 fxg6 25. Kg2 g5 26. Rh1 Kg7 27. Nxg5
hxg5 28. Qxg5+ Kf7 29. Rh7+ 1-0

[Event "64. BEM 2010"]
[Site "Dortmund"]
[Date "2010.03.04"]
[Round "6.27"]
[White "Militello, Luca"]
[Black "Schrimpl, Michael"]
[Result "1-0"]
[WhiteElo "1025"]
[BlackElo "1496"]
[PlyCount "45"]
[EventDate "2010.??.??"]
[Source "SG Dortmund"]
[SourceDate "2004.12.16"]

1. e4 d6 2. d4 Nf6 3. Nc3 g6 4. Bc4 Bg7 5. Nge2 c6 6. O-O O-O 7. Ng3 b5 8. Bb3
a5 9. a3 Na6 10. d5 b4 11. Nce2 c5 12. h3 Nc7 13. Be3 Bb7 14. Qd2 Nd7 15. c3 a4
16. Bc4 b3 17. Bh6 Bxh6 18. Qxh6 Ne5 19. Nf4 Nxc4 20. Nfh5 Ne8 21. Nf4 Ne5 22.
Rfe1 Kh8 23. Qxf8# 1-0

[Event "64. BEM 2010"]
[Site "Dortmund"]
[Date "2010.03.04"]
[Round "6.29"]
[White "Schlepütz, Volker"]
[Black "Wangrin, Stefan A"]
[Result "0-1"]
[WhiteElo "1216"]
[BlackElo "1076"]
[PlyCount "54"]
[EventDate "2010.??.??"]
[Source "SG Dortmund"]
[SourceDate "2004.12.16"]

1. d4 d5 2. Nf3 c5 3. c4 e6 4. Nc3 Nf6 5. Bg5 Be7 6. e3 O-O 7. Ne5 Ne4 8. Bxe7
Qxe7 9. cxd5 Nxc3 10. bxc3 exd5 11. Qb3 Rd8 12. Be2 Nc6 13. Nxc6 bxc6 14. Qa3
Qg5 15. O-O Bh3 16. Bf3 Rd6 17. Kh1 Rf6 18. gxh3 Rxf3 19. Qxc5 Qh6 20. Qe7 Rxh3
21. Qe5 Rh5 22. Qc7 Qe6 23. Rab1 h6 24. Rb7 Rf8 25. Rxa7 Kh7 26. Qe7 Qh3 27.
Qd6 Qxf1# 0-1

[Event "64. BEM 2010"]
[Site "Dortmund"]
[Date "2010.03.04"]
[Round "6.30"]
[White "Rabe, Mark"]
[Black "Krüger, Inge"]
[Result "1/2-1/2"]
[WhiteElo "948"]
[BlackElo "1390"]
[PlyCount "65"]
[EventDate "2010.??.??"]
[Source "SG Dortmund"]
[SourceDate "2004.12.16"]

1. e4 e6 2. Nc3 d5 3. exd5 exd5 4. d4 Nf6 5. Bg5 Be7 6. h3 O-O 7. Nf3 Nbd7 8.
Bd3 c6 9. O-O Re8 10. a3 h6 11. Bd2 Nf8 12. Nh4 Be6 13. Bf5 Bd6 14. Qc1 Nh5 15.
Bxe6 Qxh4 16. Bg4 f5 17. Bxh5 Qxh5 18. Qd1 Qg6 19. Qf3 Ne6 20. Rae1 Nxd4 21.
Rxe8+ Rxe8 22. Qd3 Ne6 23. g4 Rf8 24. Ne2 Nc5 25. Qd4 fxg4 26. Qxg4 Qxg4+ 27.
hxg4 Ne4 28. Be3 b6 29. Nd4 c5 30. Nf5 Rf6 31. Kg2 Kh7 32. Rh1 d4 33. Bc1
1/2-1/2

[Event "64. BEM 2010"]
[Site "Dortmund"]
[Date "2010.03.04"]
[Round "6.31"]
[White "Gitschel, Peter"]
[Black "Wilkins, Petra"]
[Result "1-0"]
[WhiteElo "1520"]
[BlackElo "783"]
[PlyCount "85"]
[EventDate "2010.??.??"]
[Source "SG Dortmund"]
[SourceDate "2004.12.16"]

1. e4 d6 2. d4 Nf6 3. Nc3 Nbd7 4. Nf3 e5 5. dxe5 dxe5 6. Bc4 Bc5 7. Be3 Bxe3 8.
fxe3 O-O 9. O-O Qe7 10. Qe2 Nb6 11. Bb3 c6 12. Rad1 Be6 13. Bxe6 Qxe6 14. Qf2
h6 15. h3 Nbd7 16. Qg3 Rfe8 17. Nh4 g6 18. Rd2 Nc5 19. Qf3 Kg7 20. Rdf2 Ncd7
21. Qg3 Nf8 22. Rxf6 Qxf6 23. Rxf6 Kxf6 24. Nf3 Re6 25. Kf2 Rd8 26. Ke2 Rdd6
27. Qh4+ Kg7 28. g4 g5 29. Qg3 Ng6 30. Ne1 b5 31. Nd3 Re8 32. Nb1 f6 33. Qe1 a5
34. Qxa5 Ne7 35. Nd2 Kg6 36. Qb4 Rdd8 37. a3 Nc8 38. Qc5 Ne7 39. Nb3 Rd7 40.
Na5 Rh8 41. Nxc6 Nxc6 42. Qxc6 Rhh7 43. Nxe5+ 1-0

[Event "64. BEM 2010"]
[Site "Dortmund"]
[Date "2010.03.04"]
[Round "6.32"]
[White "Riepe, Markus"]
[Black "Böckmann, Lieselotte"]
[Result "1/2-1/2"]
[WhiteElo "804"]
[BlackElo "922"]
[PlyCount "138"]
[EventDate "2010.??.??"]
[Source "SG Dortmund"]
[SourceDate "2004.12.16"]

1. d4 d5 2. c4 Nf6 3. Nc3 e6 4. Bg5 Be7 5. e3 O-O 6. Nf3 c5 7. Be2 Qc7 8. Nb5
Qa5+ 9. Qd2 Qd8 10. Bf4 Ne4 11. Bc7 Nxd2 12. Bxd8 Nxf3+ 13. Bxf3 Bxd8 14. Nd6
Ba5+ 15. Ke2 Bd7 16. Nxb7 Bb6 17. Nxc5 Bc6 18. b3 Nd7 19. Na4 Bc7 20. Nc3 a6
21. cxd5 Bb7 22. dxe6 Bxf3+ 23. gxf3 fxe6 24. f4 Nb6 25. Rac1 Bxf4 26. exf4
Rxf4 27. Ke3 Raf8 28. Rhf1 h6 29. Ne2 Nd5+ 30. Kd2 Rf3 31. Rc6 Nb4 32. Rxe6
Nxa2 33. Rxa6 Nb4 34. Ra4 Nc6 35. Rc4 Na5 36. Rc7 Rxb3 37. Rg1 Rb2+ 38. Kd3 g5
39. f4 Rb3+ 40. Kc2 Re8 41. Rg2 Reb8 42. Kc1 Rb1+ 43. Kc2 R8b2+ 44. Kc3 Rb3+
45. Kc2 Ra1 46. Nc3 Rb4 47. fxg5 Kf8 48. Rf2+ Ke8 49. gxh6 Rxd4 50. Re2+ Kd8
51. Ree7 Rf1 52. Rf7 Rg1 53. Ne2 Rg2 54. Rfe7 Rc4+ 55. Rxc4 Kxe7 56. Re4+ Kf6
57. h7 Rxh2 58. Rf4+ Kg5 59. Re4 Rxh7 60. Re5+ Kf6 61. Rxa5 Rh2 62. Ra6+ Ke5
63. Kd3 Rh3+ 64. Kd2 Ke4 65. Nc3+ Kd4 66. Rd6+ Kc4 67. Rc6+ Kd4 68. Rd6+ Kc4
69. Rc6+ Kd4 1/2-1/2

[Event "64. BEM 2010"]
[Site "Dortmund"]
[Date "2010.03.08"]
[Round "7.1"]
[White "Zelt, Jens"]
[Black "Heinzel, Olaf"]
[Result "0-1"]
[WhiteElo "2020"]
[BlackElo "2304"]
[PlyCount "88"]
[EventDate "2010.??.??"]
[Source "SG Dortmund"]
[SourceDate "2004.12.16"]

1. Nf3 Nf6 2. c4 c5 3. g3 d5 4. cxd5 Nxd5 5. Bg2 Nc6 6. O-O e5 7. d3 Be7 8. Nc3
Be6 9. Bd2 O-O 10. Rc1 Nxc3 11. Bxc3 f6 12. a3 Qd7 13. Qd2 a5 14. Rb1 b5 15.
Qe1 b4 16. Bd2 Rab8 17. axb4 cxb4 18. b3 Nd4 19. Nxd4 exd4 20. Qd1 a4 21. bxa4
b3 22. Bf4 Bd6 23. Bxd6 Qxd6 24. Qd2 Rfc8 25. Rfc1 Qa3 26. Rc4 b2 27. h4 Bxc4
28. dxc4 Qc3 29. Bd5+ Kh8 30. Qd1 Rb3 31. Kg2 Ra3 32. Be6 Ra8 33. h5 Ra1 34.
Bf5 Qc1 35. Qxd4 Rxb1 36. Bxb1 Qxb1 37. h6 Rf8 38. Qd6 Qe4+ 39. f3 Qxe2+ 40.
Kh3 Re8 41. hxg7+ Kxg7 42. Qd7+ Kh8 43. Qb5 Qf1+ 44. Kh4 Rg8 0-1

[Event "64. BEM 2010"]
[Site "Dortmund"]
[Date "2010.03.08"]
[Round "7.2"]
[White "Brockmann, Michael"]
[Black "Morawietz, Manuel"]
[Result "1-0"]
[WhiteElo "2063"]
[BlackElo "1952"]
[PlyCount "49"]
[EventDate "2010.??.??"]
[Source "SG Dortmund"]
[SourceDate "2004.12.16"]

1. d4 d5 2. c4 dxc4 3. Nf3 b5 4. e3 c6 5. a4 e6 6. axb5 cxb5 7. b3 Qc7 8. bxc4
b4 9. Ne5 Nd7 10. Qf3 Nxe5 11. Qxa8 Nc6 12. d5 exd5 13. Bb2 Bc5 14. cxd5 Nb8
15. d6 Bxd6 16. Qxa7 Ne7 17. Bb5+ Nbc6 18. Qd4 f6 19. Ra7 Bb7 20. Bxc6+ Qxc6
21. Rxb7 Qxg2 22. Rf1 Nf5 23. Qd3 Nh4 24. Qb5+ Kf8 25. Qd7 1-0

[Event "64. BEM 2010"]
[Site "Dortmund"]
[Date "2010.03.08"]
[Round "7.3"]
[White "Zimmermann, Dirk"]
[Black "Simon, Thomas"]
[Result "1/2-1/2"]
[WhiteElo "1960"]
[BlackElo "1885"]
[PlyCount "55"]
[EventDate "2010.??.??"]
[Source "SG Dortmund"]
[SourceDate "2004.12.16"]

1. e4 c5 2. Nf3 Nc6 3. d4 cxd4 4. Nxd4 Nf6 5. Nc3 e5 6. Ndb5 d6 7. Bg5 a6 8.
Na3 b5 9. Bxf6 gxf6 10. Nd5 f5 11. Bd3 Be6 12. Qh5 Rg8 13. c4 Bxd5 14. exd5
Qa5+ 15. Kf1 Nd4 16. cxb5 axb5 17. Nc2 Nxc2 18. Bxc2 Qd2 19. Qxf5 Rg5 20. Qd3
Qb4 21. Bb3 e4 22. Qc3 Qxc3 23. bxc3 Bg7 24. Rc1 Rc8 25. h4 Rf5 26. Rh3 b4 27.
c4 Rxd5 28. Re1 1/2-1/2

[Event "64. BEM 2010"]
[Site "Dortmund"]
[Date "2010.03.08"]
[Round "7.4"]
[White "Schiefelbusch, Dirk"]
[Black "Hoppe, Dirk"]
[Result "0-1"]
[WhiteElo "2125"]
[BlackElo "1828"]
[PlyCount "60"]
[EventDate "2010.??.??"]
[Source "SG Dortmund"]
[SourceDate "2004.12.16"]

1. Nf3 f5 2. d4 Nf6 3. c4 e6 4. e3 Be7 5. Nc3 d5 6. Bd3 c6 7. Ne5 Nbd7 8. f4
O-O 9. O-O Qe8 10. Bd2 Ne4 11. Rb1 Nxe5 12. dxe5 Bd7 13. Be1 Kh8 14. b4 g5 15.
Nxe4 fxe4 16. Be2 Qg6 17. Bc3 gxf4 18. exf4 Rg8 19. g3 Raf8 20. Bd4 Rf5 21. Kf2
Qh6 22. h4 Rxf4+ 23. gxf4 Qxf4+ 24. Ke1 Bxh4+ 25. Bf2 e3 26. Bf3 Bxf2+ 27. Ke2
Qxc4+ 28. Qd3 Qxa2+ 29. Kd1 Be8 30. Qb3 Qd2# 0-1

[Event "64. BEM 2010"]
[Site "Dortmund"]
[Date "2010.03.08"]
[Round "7.5"]
[White "Dreier, Daniel"]
[Black "Lindam, Ingo"]
[Result "1/2-1/2"]
[WhiteElo "1792"]
[BlackElo "2076"]
[PlyCount "127"]
[EventDate "2010.??.??"]
[Source "SG Dortmund"]
[SourceDate "2004.12.16"]

1. d4 d6 2. Nf3 f5 3. c4 Nf6 4. Nc3 g6 5. g3 Bg7 6. Bg2 O-O 7. O-O Qe8 8. d5 a5
9. Nd4 Na6 10. Ncb5 Ne4 11. e3 c6 12. Nc3 Nxc3 13. bxc3 Bd7 14. Rb1 Nc5 15. Qc2
cxd5 16. cxd5 Rc8 17. c4 f4 18. Qe2 g5 19. Bd2 a4 20. Bc3 Qg6 21. Rfd1 h5 22.
exf4 gxf4 23. Bb4 fxg3 24. hxg3 h4 25. Bxc5 dxc5 26. Be4 Qg5 27. Nf3 Qg4 28.
Re1 hxg3 29. fxg3 {(=)} 29... Qxg3+ 30. Qg2 Qxg2+ 31. Kxg2 Rc7 32. Ng5 Rf4 33.
Ne6 Bxe6 34. dxe6 Bd4 35. Re2 Kg7 36. Bd5 Rg4+ 37. Kf3 Rg5 38. Rxb7 Rxb7 39.
Bxb7 Kf6 40. Bd5 Rf5+ 41. Kg4 Rg5+ 42. Kh4 Rg1 43. Bc6 a3 44. Bd5 Be5 45. Kh3 {
(=)} 45... Rg3+ 46. Kh4 Rg1 47. Kh3 Rb1 48. Rf2+ Kg7 49. Rf7+ Kh6 50. Rxe7 Re1
51. Ra7 Re3+ 52. Kg2 Bf6 53. Kf2 Bd4 54. Kf1 Kg6 55. Rf7 Bf6 56. Rc7 Bd4 57.
Ra7 Bf6 58. Ra5 Bd4 59. Ra6 Kf6 60. Ra7 Kg6 {(=)} 61. e7 Bf6 $4 62. e8=Q+ Rxe8
63. Rxa3 $4 (63. Bf7+ $18) 63... Bd4 64. Ra7 {... und nach einigen weiteren
Zuegen endete die Partie in beidseits hochgradiger Zeitnot remis.} 1/2-1/2

[Event "64. BEM 2010"]
[Site "Dortmund"]
[Date "2010.03.08"]
[Round "7.6"]
[White "Ziemek, Gerhard"]
[Black "Zachos, Ingo"]
[Result "0-1"]
[WhiteElo "1717"]
[BlackElo "2024"]
[PlyCount "58"]
[EventDate "2010.??.??"]
[Source "SG Dortmund"]
[SourceDate "2004.12.16"]

1. d4 Nf6 2. Nc3 d6 3. e4 g6 4. f4 Bg7 5. Nf3 O-O 6. e5 Nfd7 7. Bc4 Nb6 8. Bb3
Nc6 9. a3 Bg4 10. O-O Na5 11. Ba2 c5 12. dxc5 dxc5 13. Qe2 Nc6 14. Qf2 Nd4 15.
Nxd4 cxd4 16. Ne4 Rc8 17. c3 dxc3 18. Nxc3 Nc4 19. Qxa7 b6 20. Qa4 Qd4+ 21. Kh1
Qd3 22. Re1 f6 23. Bxc4+ Rxc4 24. Qb5 Rxc3 25. Qxb6 Rb3 26. Qa7 fxe5 27. h3
Bxh3 28. Be3 Qe4 29. Re2 exf4 0-1

[Event "64. BEM 2010"]
[Site "Dortmund"]
[Date "2010.03.08"]
[Round "7.7"]
[White "Schütte, Tobias"]
[Black "Raskin, Vitali"]
[Result "1-0"]
[WhiteElo "1980"]
[BlackElo "1653"]
[PlyCount "53"]
[EventDate "2010.??.??"]
[Source "SG Dortmund"]
[SourceDate "2004.12.16"]

1. e4 e5 2. Nf3 Nc6 3. Nc3 Nf6 4. d4 exd4 5. Nd5 Nxd5 6. exd5 Nb4 7. Nxd4 Qe7+
8. Be2 Nxd5 9. O-O d6 10. Bb5+ Kd8 11. Re1 Be6 12. Bc6 Nb4 13. Bxb7 Rb8 14. Bd5
Qf6 15. Bxe6 fxe6 16. Bg5 e5 17. Bxf6+ gxf6 18. Ne6+ Ke7 19. Nxc7 Bh6 20. Nd5+
Nxd5 21. Qxd5 Rxb2 22. Rab1 Rhb8 23. Rxb2 Rxb2 24. Rd1 Rb6 25. Qa5 Rb7 26. c4
e4 27. Qd5 1-0

[Event "64. BEM 2010"]
[Site "Dortmund"]
[Date "2010.03.08"]
[Round "7.8"]
[White "Grube, Jörg"]
[Black "Lauche, Christoph"]
[Result "0-1"]
[WhiteElo "1730"]
[BlackElo "1960"]
[PlyCount "36"]
[EventDate "2010.??.??"]
[Source "SG Dortmund"]
[SourceDate "2004.12.16"]

1. e4 c5 2. Nc3 Nc6 3. f4 g6 4. Nf3 Bg7 5. g3 e6 6. Bg2 Nge7 7. d3 O-O 8. O-O
a6 9. Kh1 b5 10. Rb1 d5 11. Ne2 Bb7 12. h3 dxe4 13. dxe4 Qa5 14. a3 Rfd8 15.
Qe1 Qa4 16. e5 Qxc2 17. Be3 Nf5 18. Rc1 Qxe2 0-1

[Event "64. BEM 2010"]
[Site "Dortmund"]
[Date "2010.03.08"]
[Round "7.9"]
[White "Schultz, Bernfried"]
[Black "Begna, Bozidar"]
[Result "0-1"]
[WhiteElo "1710"]
[BlackElo "1958"]
[PlyCount "122"]
[EventDate "2010.??.??"]
[Source "SG Dortmund"]
[SourceDate "2004.12.16"]

1. e4 d6 2. Nf3 Nf6 3. Nc3 e5 4. d4 Nbd7 5. Be3 Be7 6. Qd2 a6 7. Bd3 c5 8. dxe5
dxe5 9. Nd5 b5 10. Nxf6+ Bxf6 11. c4 b4 12. O-O O-O 13. Rad1 Qc7 14. Ne1 Re8
15. Bc2 Nb6 16. b3 Be7 17. f4 Bg4 18. Nf3 Rad8 19. Qc1 Nd7 20. h3 Bxf3 21. Rxf3
exf4 22. Bxf4 Ne5 23. Rff1 Bf6 24. Rd5 Qe7 25. Rfd1 Nc6 26. Bd6 Rxd6 27. Rxd6
Bd4+ 28. R6xd4 Nxd4 29. Bd3 Qe5 30. Rf1 Ne6 ({Der Verzicht auf den Bauerngewinn
} 30... Nxb3 31. axb3 Qd4+ 32. Kh2 Qxd3 33. Qf4 f6 $17 {ist angesichts der
langfristigen Ueberlegenheit der schwarzen Leichtfigur leicht verstaendlich.})
31. Rf2 Qd4 32. Qf1 Ng5 (32... f5 $5 33. exf5 Nf4) 33. Kh2 f6 34. Rf5 Re5 35.
Qf4 Ne6 36. Qf1 Qd6 37. Kh1 Nd4 38. Rxe5 Qxe5 39. Qe1 Nf5 40. Qf2 Nd4 41. Qh4
h6 42. Qg4 Ne6 43. Qg6 Nf4 44. Qg3 h5 45. h4 Kf7 46. Qf3 a5 47. Bc2 g6 48. Qd1
Qd4 49. Qf3 Ne6 50. Qg3 Qd2 51. Bd3 Qc1+ 52. Kh2 Qf4 53. Bb1 g5 54. Kh3 gxh4
55. Qxf4 Nxf4+ 56. Kxh4 Nxg2+ 57. Kxh5 Nf4+ 58. Kg4 Ne2 59. Kf5 Nd4+ 60. Kf4
Ke6 61. Bd3 Kd6 {und Schwarz gewann spaeter, nachdem Weiss in hochgradiger
Zeitnot in einem technisch elementaren Bauernendspiel den Remisweg verpasst
hatte.} 0-1

[Event "64. BEM 2010"]
[Site "Dortmund"]
[Date "2010.03.08"]
[Round "7.10"]
[White "Duschek, Günter"]
[Black "Rzoczek, Christoph"]
[Result "1-0"]
[WhiteElo "1607"]
[BlackElo "1468"]
[PlyCount "76"]
[EventDate "2010.??.??"]
[Source "SG Dortmund"]
[SourceDate "2004.12.16"]

1. d4 Nf6 2. Nf3 e6 3. Bf4 d6 4. e3 Be7 5. h3 O-O 6. c3 Nbd7 7. Nbd2 b6 8. g4
Bb7 9. Rg1 a5 10. Qc2 d5 11. Bd3 g6 12. h4 c5 13. Bb5 Rc8 14. Bh6 Re8 15. Qa4
Bf8 16. Bg5 Be7 17. Bxf6 Nxf6 18. Bxe8 Nxe8 19. h5 g5 20. Ne5 f6 21. Nef3 Nd6
22. Qc2 Qc7 23. a4 Ne4 24. Nxe4 dxe4 25. Nd2 Qh2 26. Rf1 Ba6 27. Qxe4 Qd6 28.
Rg1 Rc7 29. Qa8+ Bc8 30. Ne4 Qd7 31. Ng3 Rb7 32. Qa6 b5 33. Ne4 Ra7 34. Qxb5
Qxb5 35. axb5 cxd4 36. exd4 Bb7 37. Nc5 e5 38. b6 Ra6 1-0

[Event "64. BEM 2010"]
[Site "Dortmund"]
[Date "2010.03.08"]
[Round "7.11"]
[White "Borjini, Faouzi"]
[Black "Komenda, Thomas"]
[Result "1-0"]
[WhiteElo "1919"]
[BlackElo "1461"]
[PlyCount "61"]
[EventDate "2010.??.??"]
[Source "SG Dortmund"]
[SourceDate "2004.12.16"]

1. d4 Nf6 2. c4 g6 3. Nc3 Bg7 4. e4 d6 5. Be2 O-O 6. g4 Nc6 7. g5 Ne8 8. Be3 e5
9. d5 Ne7 10. Qd2 Bd7 11. h4 f6 12. f4 f5 13. fxe5 Bxe5 14. O-O-O fxe4 15. Bd4
Nf5 16. Bxe5 dxe5 17. Nxe4 Nd4 18. h5 Nxe2+ 19. Nxe2 gxh5 20. Rxh5 Bf5 21. N2g3
Bg6 22. Rh4 Qe7 23. Rdh1 Rd8 24. Nh5 Bxe4 25. Rxe4 Rf7 26. Qe3 Rf5 27. Rg4 Qf7
28. Nf6+ Kf8 29. Rxh7 Qg6 30. Rh8+ Ke7 31. Qc5+ 1-0

[Event "64. BEM 2010"]
[Site "Dortmund"]
[Date "2010.03.08"]
[Round "7.12"]
[White "Imrek, Ozan Mert"]
[Black "Siwy, Boguslaw"]
[Result "1-0"]
[WhiteElo "1351"]
[BlackElo "1479"]
[PlyCount "37"]
[EventDate "2010.??.??"]
[Source "SG Dortmund"]
[SourceDate "2004.12.16"]

1. d4 d5 2. c4 dxc4 3. e4 e5 4. d5 c6 5. Bxc4 Nf6 6. Nc3 Bb4 7. Bd2 Bxc3 8.
Bxc3 Nxe4 9. Bxe5 Nxf2 10. Kxf2 Qh4+ 11. g3 Qxc4 12. Bxg7 Rg8 13. Qe1+ Kd7 14.
dxc6+ bxc6 15. Rd1+ Kc7 16. Qa5+ Kb7 17. Rd4 Qc2+ 18. Ne2 c5 19. Qb5+ 1-0

[Event "64. BEM 2010"]
[Site "Dortmund"]
[Date "2010.03.08"]
[Round "7.13"]
[White "Raabe, Hans-Ulrich"]
[Black "Campana, Rafael"]
[Result "0-1"]
[WhiteElo "1338"]
[BlackElo "1708"]
[PlyCount "78"]
[EventDate "2010.??.??"]
[Source "SG Dortmund"]
[SourceDate "2004.12.16"]

1. e4 c5 2. Nf3 d6 3. Bb5+ Nd7 4. Nc3 e6 5. O-O Ngf6 6. e5 dxe5 7. Nxe5 Bd6 8.
d4 O-O 9. Nxd7 Bxd7 10. Bxd7 Qxd7 11. dxc5 Bxc5 12. Qxd7 Nxd7 13. Ne4 Be7 14.
Be3 Rfc8 15. Rad1 Ne5 16. Bf4 Ng6 17. Bd6 Kf8 18. c3 b6 19. Rd2 f5 20. Ng5 Rc6
21. Rfd1 Rxd6 22. Nxh7+ Kg8 23. Rxd6 Kxh7 24. Rxe6 Bf6 25. Rde1 Rd8 26. Re8 Rd2
27. R8e2 Rd7 28. g3 Ne7 29. Kg2 Ng6 30. h4 Kh6 31. Kf3 Rd5 32. Re6 Ne5+ 33. Kg2
Kg6 34. b3 Kf7 35. c4 Kxe6 36. cxd5+ Kxd5 37. Rc1 a5 38. f3 Nd3 39. Rc2 Ne1+
0-1

[Event "64. BEM 2010"]
[Site "Dortmund"]
[Date "2010.03.08"]
[Round "7.15"]
[White "Vojdani, Bahram"]
[Black "Grawe, Herbert"]
[Result "1-0"]
[WhiteElo "1735"]
[BlackElo "1495"]
[PlyCount "59"]
[EventDate "2010.??.??"]
[Source "SG Dortmund"]
[SourceDate "2004.12.16"]

1. e4 Nc6 2. d4 e5 3. d5 Nce7 4. Nf3 Ng6 5. Be2 a6 6. a4 Bc5 7. O-O Ba7 8. b4
d6 9. c4 f5 10. Bd3 f4 11. Bb2 Nf6 12. Qc2 O-O 13. Nbd2 Nh5 14. c5 Nh8 15. Be2
Nf6 16. Ba3 h6 17. b5 g5 18. b6 cxb6 19. cxd6 Nd7 20. h3 Ng6 21. Nh2 Nc5 22.
Bh5 Nh4 23. Ng4 f3 24. g3 Nf5 25. exf5 Bxf5 26. Nxh6+ Kh8 27. Nxf5 e4 28. Qc3+
Qf6 29. Qxf6+ Rxf6 30. Bb2 1-0